Movies Quiz

Random Movies or Actor Quiz

Academy Award Acting Nominees (2000s) Quiz Stats

 Plays Quiz Updated Jan 14, 2015

Score 0/200 Timer 20:00
4 Plays Today
Year - Nomination Actor/Actress % Correct
Best Actor - 2000Tom Hanks
96.4%
Best Actor - 2001Russell Crowe
96.2%
Best Actor - 2007Johnny Depp
96.1%
Best Actor - 2004Johnny Depp
96.1%
Best Actor - 2000Russell Crowe
96%
Best Actor - 2003Johnny Depp
95.6%
Best Actor - 2006Leonardo DiCaprio
95.4%
Best Actor - 2004Leonardo DiCaprio
95.2%
Best Actor - 2006Will Smith
94.6%
Best Actor - 2001Will Smith
94.2%
Best Actor - 2008Brad Pitt
93.7%
Best Actor - 2001Sean Penn
91.6%
Best Actor - 2008Sean Penn
91.4%
Best Actor - 2003Sean Penn
91.4%
Best Actor - 2005Heath Ledger
91%
Best Actress - 2000Julia Roberts
91%
S. Actor - 2008Heath Ledger
90.9%
Best Actress - 2006Meryl Streep
90.5%
S. Actress - 2002Meryl Streep
90.2%
Best Actress - 2008Meryl Streep
90.2%
Best Actress - 2009Meryl Streep
90.2%
Best Actor - 2001Denzel Washington
90%
Best Actor - 2007George Clooney
89.4%
S. Actor - 2005George Clooney
89.4%
Best Actor - 2009George Clooney
89.4%
S. Actor - 2004Jamie Foxx
87.9%
Best Actor - 2004Jamie Foxx
87.7%
S. Actor - 2000Joaquin Phoenix
87.2%
Best Actor - 2005Joaquin Phoenix
86.9%
Best Actor - 2004Clint Eastwood
86.4%
Best Actor - 2007Daniel Day-Lewis
85.8%
Best Actor - 2002Daniel Day-Lewis
85.8%
S. Actress - 2001Maggie Smith
85.4%
Best Actress - 2001Nicole Kidman
84.7%
Best Actress - 2002Nicole Kidman
84.5%
Best Actor - 2009Morgan Freeman
84.5%
Best Actor - 2005Philip Seymour Hoffman
84.2%
S. Actor - 2004Morgan Freeman
84.1%
S. Actor - 2008Philip Seymour Hoffman
83.8%
S. Actor - 2007Philip Seymour Hoffman
83.8%
Best Actress - 2004Kate Winslet
83.4%
S. Actress - 2001Kate Winslet
82.9%
Best Actress - 2006Kate Winslet
82.9%
Best Actress - 2008Kate Winslet
82.9%
Best Actor - 2002Jack Nicholson
81.7%
Best Actress - 2005Reese Witherspoon
81.5%
Best Actor - 2003Bill Murray
81.5%
Best Actress - 2004Hilary Swank
81.4%
Best Actress - 2001Renee Zellweger
81.2%
S. Actor - 2009Matt Damon
81.1%
S. Actress - 2003Renee Zellweger
81%
Best Actress - 2002Renee Zellweger
81%
Best Actress - 2001Halle Berry
80.1%
Best Actress - 2007Cate Blanchett
79.6%
S. Actress - 2004Cate Blanchett
79.1%
S. Actress - 2007Cate Blanchett
79.1%
S. Actress - 2006Cate Blanchett
79.1%
Best Actress - 2003Charlize Theron
78.8%
Best Actress - 2005Charlize Theron
78.7%
Best Actress - 2009Sandra Bullock
77.8%
Best Actor - 2002Adrien Brody
76.6%
Best Actor - 2008Mickey Rourke
75.9%
Best Actor - 2006Forest Whitaker
74.7%
Best Actress - 2006Helen Mirren
73.8%
Best Actor - 2009Jeff Bridges
73.7%
S. Actor - 2000Jeff Bridges
73.5%
S. Actress - 2001Helen Mirren
73.3%
Year - Nomination Actor/Actress % Correct
Best Actress - 2009Helen Mirren
73.3%
Best Actor - 2004Don Cheadle
72.4%
Best Actress - 2007Ellen Page
71.7%
S. Actress - 2006Jennifer Hudson
71.1%
Best Actress - 2008Angelina Jolie
71%
S. Actress - 2000Kate Hudson
70.7%
S. Actress - 2002Catherine Zeta-Jones
70.6%
S. Actor - 2005Jake Gyllenhaal
70.4%
Best Actress - 2006Penelope Cruz
70.3%
S. Actress - 2008Penelope Cruz
69.5%
S. Actress - 2009Penelope Cruz
69.5%
Best Actor - 2003Jude Law
69.3%
Best Actress - 2005Keira Knightley
69%
Best Actor - 2007Tommy Lee Jones
66.6%
S. Actor - 2008Robert Downey, Jr.
65.9%
Best Actress - 2008Anne Hathaway
65.3%
S. Actress - 2009Maggie Gyllenhaal
65.1%
Best Actor - 2009Jeremy Renner
64.9%
S. Actress - 2005Amy Adams
64.7%
Best Actor - 2000Javier Bardem
64%
Best Actress - 2001Judi Dench
63.8%
S. Actress - 2008Amy Adams
63.7%
Best Actress - 2002Salma Hayek
63.3%
S. Actor - 2007Javier Bardem
63%
S. Actress - 2000Judi Dench
62.8%
Best Actress - 2005Judi Dench
62.8%
Best Actress - 2006Judi Dench
62.8%
Best Actor - 2002Nicolas Cage
62.6%
S. Actor - 2009Christoph Waltz
61.5%
S. Actress - 2001Jennifer Connelly
61.1%
S. Actor - 2006Mark Wahlberg
60.8%
S. Actor - 2007Casey Affleck
60.8%
S. Actor - 2001Ethan Hawke
60.6%
Best Actor - 2000Ed Harris
59.8%
Best Actor - 2007Viggo Mortensen
59.3%
S. Actress - 2005Michelle Williams
59.2%
S. Actor - 2002Ed Harris
59%
S. Actor - 2001Ian McKellen
58.5%
Best Actress - 2007Marion Cotillard
57.5%
Best Actress - 2003Diane Keaton
56.9%
Best Actor - 2009Colin Firth
56%
S. Actor - 2006Eddie Murphy
55.8%
S. Actor - 2006Alan Arkin
54.7%
S. Actor - 2003Tim Robbins
54.3%
Best Actor - 2003Ben Kingsley
54.3%
S. Actor - 2001Ben Kingsley
53.7%
Best Actress - 2002Julianne Moore
52.6%
S. Actor - 2000Benicio del Toro
51.8%
S. Actress - 2002Julianne Moore
51.1%
S. Actress - 2004Natalie Portman
50.8%
S. Actor - 2003Benicio del Toro
50.8%
Best Actor - 2006Ryan Gosling
50.6%
Best Actor - 2000Geoffrey Rush
50%
Best Actress - 2000Juliette Binoche
49.6%
S. Actress - 2001Marisa Tomei
48.6%
S. Actor - 2002Christopher Walken
47.9%
S. Actress - 2009Anna Kendrick
47.7%
S. Actor - 2005Paul Giamatti
47.5%
Best Actor - 2002Michael Caine
47.5%
S. Actress - 2008Marisa Tomei
47.3%
Best Actor - 2005Terrence Howard
46.8%
S. Actress - 2002Queen Latifah
46.6%
Best Actor - 2008Frank Langella
45.8%
Best Actress - 2003Naomi Watts
45.7%
S. Actress - 2009Mo'Nique
45.7%
Best Actress - 2002Diane Lane
45.6%
S. Actress - 2005Rachel Weisz
45.4%
Year - Nomination Actor/Actress % Correct
S. Actress - 2007Tilda Swinton
44.3%
S. Actor - 2002Paul Newman
44.3%
Best Actress - 2008Melissa Leo
43.9%
Best Actress - 2005Felicity Huffman
42.9%
S. Actress - 2002Kathy Bates
42.8%
S. Actor - 2002Chris Cooper
42.7%
S. Actor - 2005Matt Dillon
42.6%
S. Actress - 2006Abigail Breslin
42.4%
S. Actress - 2008Viola Davis
42.1%
S. Actor - 2002John C. Reilly
41%
Best Actress - 2000Laura Linney
40.5%
S. Actress - 2000Frances McDormand
40.2%
S. Actress - 2009Vera Farmiga
39.8%
S. Actor - 2004Clive Owen
39.7%
Best Actress - 2009Gabourey Sidibe
39.5%
S. Actor - 2008Josh Brolin
39.3%
S. Actress - 2004Laura Linney
39.1%
Best Actress - 2007Laura Linney
39.1%
S. Actress - 2005Frances McDormand
38.7%
Best Actress - 2000Ellen Burstyn
37.8%
S. Actor - 2000Albert Finney
37.2%
Best Actor - 2001Tom Wilkinson
37%
Best Actress - 2009Carey Mulligan
36.7%
S. Actor - 2009Stanley Tucci
36.7%
S. Actress - 2000Marcia Gay Harden
36.5%
Best Actress - 2001Sissy Spacek
36.1%
S. Actor - 2003Ken Watanabe
35.9%
S. Actor - 2003Alec Baldwin
35.4%
S. Actor - 2007Tom Wilkinson
35.4%
S. Actor - 2004Thomas Haden Church
35.1%
Best Actor - 2005David Strathairn
34.9%
S. Actress - 2003Marcia Gay Harden
34.7%
S. Actress - 2007Saoirse Ronan
34.5%
Best Actor - 2006Peter O'Toole
34.2%
S. Actor - 2001Jim Broadbent
34%
S. Actress - 2003Holly Hunter
33%
S. Actor - 2003Djimon Hounsou
32.5%
S. Actor - 2004Alan Alda
31.1%
S. Actor - 2006Djimon Hounsou
31%
Best Actress - 2000Joan Allen
30.9%
S. Actress - 2007Amy Ryan
30.1%
S. Actor - 2005William Hurt
29.2%
Best Actress - 2004Annette Bening
28.9%
Best Actress - 2004Imelda Staunton
28.2%
S. Actress - 2004Virginia Madsen
27.8%
S. Actor - 2009Woody Harrelson
27.7%
S. Actor - 2001Jon Voight
27.5%
S. Actress - 2008Taraji P. Henson
27.4%
Best Actor - 2008Richard Jenkins
26.9%
S. Actor - 2000Willem Dafoe
26.8%
S. Actress - 2005Catherine Keener
26.6%
S. Actor - 2009Christopher Plummer
26.2%
Best Actress - 2003Keisha Castle-Hughes
26.1%
S. Actress - 2000Julie Walters
25.7%
S. Actor - 2008Michael Shannon
25.4%
Best Actress - 2007Julie Christie
25.3%
Best Actress - 2003Samantha Morton
25.1%
S. Actress - 2007Ruby Dee
23.3%
S. Actor - 2006Jackie Earle Haley
21.9%
S. Actor - 2007Hal Holbrook
21.6%
S. Actress - 2003Patricia Clarkson
18.9%
Best Actress - 2004Catalina Sandino Moreno
18.3%
S. Actress - 2004Sophie Okonedo
17.7%
S. Actress - 2006Rinko Kikuchi
17.6%
S. Actress - 2003Shohreh Aghdashloo
14.5%
S. Actress - 2006Adriana Barraza
14.5%

You're not logged in!

Compare scores with friends on all Sporcle quizzes.
OR
Log In

Sporcle TV

Today on Sporcle TV


Watch our educational content, quiz creation guides, and fun videos on Sporcle TV.

Show Comments

Extras

Top Quizzes Today


Score Distribution

Your Account Isn't Verified!

In order to create a playlist on Sporcle, you need to verify the email address you used during registration. Go to your Sporcle Settings to finish the process.

Report this User

Report this user for behavior that violates our Community Guidelines.

Details: